[Event "Dortmund Sparkassen op-B"]
[Site "Dortmund"]
[Date "2013.08.04"]
[Round "9"]
[White "Pachura, Karl Heinz"]
[Black "Tuscher, Albin"]
[Result "0-1"]
[WhiteElo "1379"]
[BlackElo "1572"]
[PlyCount "162"]
[EventDate "2013.07.27"]
[EventType "swiss"]
[EventRounds "9"]
[EventCountry "GER"]
[SourceTitle "EXT 2022"]
[Source "ChessBase"]
[SourceDate "2021.10.06"]
[SourceVersion "1"]
[SourceVersionDate "2021.10.06"]
[SourceQuality "1"]

1. e4 c5 2. Nc3 Nc6 3. f4 e6 4. Nf3 d5 5. e5 Nge7 6. Bb5 g6 7. d3 a6 8. Bxc6+ Nxc6 9. 0-0 b5 10. Ne2 Bg7 11. c3 0-0 12. Be3 Qe7 13. d4 cxd4 14. Nfxd4 Bb7 15. Nxc6 Bxc6 16. Nd4 Bd7 17. Nb3 Rac8 18. Qg4 Rc7 19. Bd4 Rfc8 20. Nd2 b4 21. Qe2 Bb5 22. Qf2 Bxf1 23. Rxf1 bxc3 24. bxc3 Rb7 25. Nf3 Rcb8 26. a4 Rb2 27. Qe3 Ra2 28. Ba7 Rbb2 29. Bc5 Rxg2+ 30. Kh1 Qb7 31. Qe1 Qb2 32. Bg1 Qe2 33. Qb1 Bf8 34. a5 Rb2 35. Qe1 Qxe1 36. Nxe1 Rge2 37. Nf3 Ra2 38. Nd4 Reb2 39. Rc1 Rxa5 40. h4 h5 41. Nf3 Bc5 42. Nd4 Raa2 43. Rf1 Be7 44. Nf3 Ra4 45. Bd4 Rba2 46. Rb1 Ra1 47. Rg1 Rxg1+ 48. Kxg1 Ra2 49. Bf2 Rc2 50. Bd4 a5 51. Kf1 a4 52. Ne1 Rh2 53. Nf3 Rh1+ 54. Ke2 Bxh4 55. Bc5 Bg3 56. Ke3 Ra1 57. Nd2 h4 58. Kf3 Rc1 59. Bb4 Be1 60. Ke2 h3 61. Nf3 Bxc3 62. Ba3 Ra1 63. Be7 h2 64. Nxh2 Ra2+ 65. Kd3 Bxe5 66. Nf3 Bxf4 67. Nd4 g5 68. Nc2 g4 69. Nb4 Rd2+ 70. Kc3 Rh2 71. Nd3 Rh3 72. Kc2 Be3 73. Ne5 g3 74. Ng4 g2 75. Nxe3 g1Q 76. Bc5 Qf2+ 77. Kd3 a3 78. Bb6 a2 79. Bd4 a1Q 80. Bc5 Qd1+ 81. Kc3 Qfd2# 0-1

[Event "Dortmund Sparkassen op-B"]
[Site "Dortmund"]
[Date "2013.08.02"]
[Round "7"]
[White "Pachura, Karl Heinz"]
[Black "Hauffe, Frank"]
[Result "1-0"]
[WhiteElo "1379"]
[BlackElo "1731"]
[PlyCount "107"]
[EventDate "2013.07.27"]
[EventType "swiss"]
[EventRounds "9"]
[EventCountry "GER"]
[SourceTitle "EXT 2022"]
[Source "ChessBase"]
[SourceDate "2021.10.06"]
[SourceVersion "1"]
[SourceVersionDate "2021.10.06"]
[SourceQuality "1"]

1. e4 c6 2. f4 d5 3. e5 e6 4. Nf3 Nd7 5. Be2 c5 6. d4 cxd4 7. Nxd4 Bc5 8. 0-0 Qb6 9. c3 Ne7 10. Kh1 Bxd4 11. Qxd4 Qxd4 12. cxd4 Nf5 13. Rd1 Nb8 14. a3 Nc6 15. Bb5 Bd7 16. Bxc6 Bxc6 17. b3 Rc8 18. Nc3 Bd7 19. Bb2 h5 20. Rac1 0-0 21. a4 Rc7 22. h3 Rfc8 23. g4 Nh6 24. Rg1 hxg4 25. hxg4 f5 26. g5 Ng4 27. Kg2 Kf7 28. Rh1 a6 29. Kf3 b5 30. axb5 axb5 31. Ne2 Rc2 32. Ba3 Kg8 33. Bc5 Rb2 34. Rb1 Rd2 35. Rhd1 Ra2 36. Ra1 Rca8 37. Rxa2 Rxa2 38. Bb4 Rb2 39. Rd3 Rb1 40. Kg3 Kf7 41. Rc3 Ke8 42. Nc1 Rb2 43. Ba3 Rd2 44. Nd3 Ne3 45. Nf2 Rxf2 46. Rxe3 Rc2 47. Bc5 Rc1 48. b4 Rg1+ 49. Kf2 Ra1 50. Rh3 Ra2+ 51. Ke1 Ra1+ 52. Kd2 Ra2+ 53. Kc1 Ra8 54. Rh8+ 1-0

[Event "Dortmund Sparkassen op-B"]
[Site "Dortmund"]
[Date "2013.08.01"]
[Round "6"]
[White "Schweda, Albert"]
[Black "Pachura, Karl Heinz"]
[Result "0-1"]
[WhiteElo "1529"]
[BlackElo "1379"]
[PlyCount "132"]
[EventDate "2013.07.27"]
[EventType "swiss"]
[EventRounds "9"]
[EventCountry "GER"]
[SourceTitle "EXT 2022"]
[Source "ChessBase"]
[SourceDate "2021.10.06"]
[SourceVersion "1"]
[SourceVersionDate "2021.10.06"]
[SourceQuality "1"]

1. e4 e5 2. Nf3 d6 3. Bc4 c6 4. Nc3 Be7 5. d3 h6 6. h3 Nf6 7. a3 Nbd7 8. Ba2 Nf8 9. b4 b5 10. Bb2 Be6 11. 0-0 Bxa2 12. Rxa2 N8d7 13. Ne2 a5 14. c3 Nb6 15. Ng3 Qc7 16. Nf5 g6 17. Nxe7 Qxe7 18. Nd2 Nh5 19. g3 Qe6 20. Nb3 a4 21. Nc1 Qxh3 22. Qf3 Qe6 23. Ba1 Nd7 24. Kg2 Ndf6 25. Rh1 Qg4 26. Qxg4 Nxg4 27. c4 Kd7 28. f4 Ng7 29. Kf3 h5 30. c5 Rh7 31. cxd6 Kxd6 32. fxe5+ Nxe5+ 33. Kf4 Ne6+ 34. Ke3 Rd8 35. Bxe5+ Kxe5 36. Rah2 Nd4 37. Na2 Rdh8 38. Nc3 g5 39. Rc1 g4 40. Ne2 Nxe2 41. Rc5+ Kd6 42. Kxe2 h4 43. gxh4 Rxh4 44. Rxh4 Rxh4 45. Kf2 Rh2+ 46. Kg3 Rh3+ 47. Kxg4 Rxd3 48. Rf5 Rxa3 49. Rxf7 Re3 50. Kf4 Rb3 51. e5+ Ke6 52. Rf6+ Kd7 53. Rf7+ Ke6 54. Rf6+ Kd5 55. Rd6+ Kc4 56. e6 Rb1 57. Rxc6+ Kxb4 58. e7 Re1 59. Rc7 a3 60. Ra7 Kb3 61. Kf5 b4 62. Kf6 a2 63. Kf7 Kb2 64. e8Q Rxe8 65. Kxe8 a1Q 66. Rxa1 Kxa1 0-1

[Event "Dortmund Sparkassen op-B"]
[Site "Dortmund"]
[Date "2013.07.28"]
[Round "2"]
[White "Biessner, Eberhard"]
[Black "Pachura, Karl Heinz"]
[Result "1-0"]
[WhiteElo "1914"]
[BlackElo "1379"]
[PlyCount "93"]
[EventDate "2013.07.27"]
[EventType "swiss"]
[EventRounds "9"]
[EventCountry "GER"]
[SourceTitle "EXT 2022"]
[Source "ChessBase"]
[SourceDate "2021.10.06"]
[SourceVersion "1"]
[SourceVersionDate "2021.10.06"]
[SourceQuality "1"]

1. e4 e5 2. Nf3 d6 3. Bc4 c6 4. Nc3 Be7 5. d4 Nd7 6. dxe5 dxe5 7. Be3 Ngf6 8. h3 Qc7 9. Qd2 b5 10. Bd3 Nc5 11. a3 Nxd3+ 12. cxd3 Be6 13. b4 Rd8 14. Qc2 Bd6 15. 0-0 0-0 16. Rac1 Qd7 17. Kh2 h6 18. Rfd1 Rc8 19. Qd2 Rfd8 20. Ne2 Nh7 21. Ng3 f6 22. Nh4 Qf7 23. Nhf5 Kh8 24. Nxd6 Rxd6 25. f4 exf4 26. Bxf4 Rd7 27. Qe2 Nf8 28. Rc3 Ng6 29. Qe3 Kh7 30. d4 Nxf4 31. Qxf4 g5 32. Qf2 Rdc7 33. Rf1 Rf8 34. Rf3 Qg8 35. Nh5 Bc4 36. Rxf6 Rcf7 37. Rxf7+ Rxf7 38. Nf6+ Rxf6 39. Qxf6 Bxf1 40. Qxf1 Qc4 41. Qf5+ Kg7 42. Qd7+ Kg6 43. e5 Qc1 44. Qd6+ Kg7 45. Qf6+ Kh7 46. Qf7+ Kh8 47. e6 1-0

[Event "Dortmund Sparkassen op-B"]
[Site "Dortmund"]
[Date "2006.08.01"]
[Round "4"]
[White "Dreesbach, Christoph"]
[Black "Pachura, Karl Heinz"]
[Result "1-0"]
[WhiteElo "1473"]
[BlackElo "1268"]
[PlyCount "111"]
[EventDate "2006.07.28"]
[EventType "swiss"]
[EventRounds "9"]
[EventCountry "GER"]
[SourceTitle "CBM 113 Extra"]
[Source "ChessBase"]
[SourceDate "2006.09.14"]
[SourceVersion "1"]
[SourceVersionDate "2006.09.14"]
[SourceQuality "1"]

1. e4 c6 2. d3 e5 3. f4 exf4 4. Bxf4 d6 5. Nf3 Be7 6. Be2 Nf6 7. Nbd2 Bg4 8. Nd4 Bxe2 9. Qxe2 g6 10. Bh6 Nbd7 11. Nc4 Qc7 12. 0-0 0-0-0 13. b4 Ne5 14. Bg7 Nh5 15. Bxh8 Rxh8 16. c3 Qd7 17. Nxe5 dxe5 18. Nf5 Nf4 19. Nxe7+ Qxe7 20. Qf3 Rf8 21. d4 f6 22. dxe5 fxe5 23. Qg4+ Kc7 24. g3 h5 25. Qd1 Rd8 26. Qf3 Nh3+ 27. Kh1 Ng5 28. Qf6 Qxf6 29. Rxf6 Nxe4 30. Rxg6 Nxc3 31. Rg5 Re8 32. Rxh5 e4 33. Rf5 e3 34. a3 e2 35. Re1 Nd1 36. g4 Re7 37. g5 Ne3 38. Rf2 Ng4 39. Rfxe2 Nf2+ 40. Kg2 Rxe2 41. Rxe2 Nd3 42. Kg1 Nf4 43. Rg2 Nxg2 44. Kxg2 Kd7 45. h4 Ke7 46. Kf3 b6 47. Ke4 Ke6 48. g6 Kf6 49. h5 Kg7 50. Ke5 Kh6 51. Kd6 a5 52. Kxc6 axb4 53. axb4 Kg7 54. Kxb6 Kh8 55. h6 Kg8 56. Kc6 1-0

[Event "Dortmund Sparkassen op-B"]
[Site "Dortmund"]
[Date "2006.07.28"]
[Round "2"]
[White "Reinl, Walter"]
[Black "Pachura, Karl Heinz"]
[Result "1-0"]
[WhiteElo "1507"]
[BlackElo "1268"]
[PlyCount "95"]
[EventDate "2006.07.28"]
[EventType "swiss"]
[EventRounds "9"]
[EventCountry "GER"]
[SourceTitle "CBM 113 Extra"]
[Source "ChessBase"]
[SourceDate "2006.09.14"]
[SourceVersion "1"]
[SourceVersionDate "2006.09.14"]
[SourceQuality "1"]

1. e4 c6 2. d4 d5 3. Nc3 Nf6 4. e5 Ng8 5. f4 e6 6. Nf3 Bb4 7. Bd2 f5 8. Ng5 g6 9. h4 h6 10. Nf3 Qe7 11. h5 Qf7 12. hxg6 Qxg6 13. Rh3 Be7 14. Qe2 Nd7 15. 0-0-0 Nb6 16. Be1 Bd7 17. Bh4 0-0-0 18. Bxe7 Nxe7 19. Qd2 Rdg8 20. b3 Qf7 21. Na4 Nxa4 22. bxa4 Qf8 23. Qa5 Kb8 24. Nd2 Qd8 25. Qb4 Nc8 26. Rb3 Qc7 27. a5 Ka8 28. a6 b6 29. a4 Rg4 30. g3 Rhg8 31. Qa3 R4g7 32. Be2 Qd8 33. Rh1 Rh8 34. Kb2 Qe7 35. Qa1 Qf8 36. c4 dxc4 37. Nxc4 c5 38. a5 b5 39. Na3 Kb8 40. Bxb5 Kc7 41. dxc5 Bxb5 42. Nxb5+ Kc6 43. Nd4+ Kd5 44. Nb5 Kc6 45. Nd6 Rd7 46. Qa4+ Kc7 47. Rb7+ Kd8 48. Qxd7# 1-0

[Event "Dortmund op"]
[Site "Dortmund"]
[Date "2006.03.23"]
[Round "9.25"]
[White "Wilms, Christoph"]
[Black "Pachura, Karl Heinz"]
[Result "1-0"]
[WhiteElo "1526"]
[BlackElo "1309"]
[PlyCount "97"]
[EventDate "2006.03.06"]
[EventType "swiss"]
[EventRounds "9"]
[EventCountry "GER"]
[SourceTitle "CBM 111 Extra"]
[Source "ChessBase"]
[SourceDate "2006.05.09"]
[SourceVersion "1"]
[SourceVersionDate "2006.05.09"]
[SourceQuality "1"]

1. d4 d5 2. c4 Nf6 3. Nc3 e6 4. Bg5 c6 5. cxd5 cxd5 6. Nf3 Nbd7 7. e3 Be7 8. Bd3 Ng8 9. Bf4 a6 10. Rc1 h6 11. 0-0 Bg5 12. Nxg5 hxg5 13. Bg3 Ndf6 14. Be2 Ne7 15. Na4 Nc6 16. Bd3 g6 17. Qb3 Nh5 18. a3 Nxg3 19. fxg3 0-0 20. Rf2 Qe7 21. Rcf1 f5 22. Qc2 Bd7 23. b4 b5 24. Nc5 Nd8 25. e4 Bc8 26. exd5 exd5 27. g4 Qg7 28. gxf5 gxf5 29. Bxf5 Rxf5 30. Rxf5 Qxd4+ 31. R5f2 Kg7 32. Qd2 Qxd2 33. Rxd2 Ra7 34. Rxd5 Ne6 35. Nxe6+ Bxe6 36. Rxg5+ Kh6 37. Rg3 Kh5 38. Rf8 Rh7 39. Ra8 Bg4 40. Rxa6 Rd7 41. Ra8 Rd1+ 42. Kf2 Rd2+ 43. Ke3 Rc2 44. Rh8+ Kg5 45. Rg8+ Kf5 46. R8xg4 Rc3+ 47. Kd4 Rc4+ 48. Kd5 Rxg4 49. Rxg4 1-0

[Event "Dortmund op"]
[Site "Dortmund"]
[Date "2006.03.14"]
[Round "5.28"]
[White "Pachura, Karl Heinz"]
[Black "Rzoczek, Christoph"]
[Result "0-1"]
[WhiteElo "1309"]
[BlackElo "1577"]
[PlyCount "100"]
[EventDate "2006.03.06"]
[EventType "swiss"]
[EventRounds "9"]
[EventCountry "GER"]
[SourceTitle "CBM 111 Extra"]
[Source "ChessBase"]
[SourceDate "2006.05.09"]
[SourceVersion "1"]
[SourceVersionDate "2006.05.09"]
[SourceQuality "1"]

1. e4 d5 2. exd5 Qxd5 3. Nc3 Qa5 4. d4 Bf5 5. Bd2 c6 6. Nf3 Nd7 7. a3 Ngf6 8. Bd3 Bxd3 9. cxd3 e6 10. Qb3 Qb6 11. Qxb6 axb6 12. 0-0 Bd6 13. h3 0-0 14. Ne4 Bc7 15. Nxf6+ Nxf6 16. Bb4 Rfe8 17. g3 Nd5 18. Bd2 f6 19. b4 b5 20. Rfe1 Kf7 21. Kg2 Ra4 22. Ra2 Rea8 23. Rea1 Bd6 24. h4 Bxb4 25. Bxb4 Nxb4 26. Re2 Rxa3 27. Rxa3 Rxa3 28. Re3 Nd5 29. Re2 b4 30. Ne1 b3 31. Rb2 Nc3 32. Kf3 Na4 33. Rb1 Ke7 34. Ke3 Kd6 35. Kd2 Kd5 36. Ke3 Nc3 37. Rb2 Nd1+ 38. Kd2 Nxb2 39. Kc3 Na4+ 40. Kb4 b2 41. Kxa3 b1Q 42. Kxa4 Qxe1 43. f4 Qxg3 44. h5 Qxf4 45. h6 gxh6 46. Ka5 h5 47. Kb6 h4 48. Ka7 h3 49. Kb6 h2 50. Ka7 h1Q 0-1

[Event "Dortmund FSV op"]
[Site "Dortmund"]
[Date "2006.01.26"]
[Round "2"]
[White "Pachura, Karl Heinz"]
[Black "Hiltmann, Siegfried"]
[Result "0-1"]
[WhiteElo "1301"]
[BlackElo "1693"]
[PlyCount "72"]
[EventDate "2006.01.19"]
[EventType "swiss"]
[EventRounds "9"]
[EventCountry "GER"]
[SourceTitle "EXT 2007"]
[Source "ChessBase"]
[SourceDate "2006.11.23"]
[SourceVersion "1"]
[SourceVersionDate "2006.11.23"]
[SourceQuality "1"]

1. e4 c6 2. Nc3 d5 3. d4 dxe4 4. Nxe4 Bf5 5. Ng3 Bg6 6. Nf3 Nd7 7. h4 h6 8. h5 Bh7 9. Bf4 Qa5+ 10. Bd2 Qc7 11. Bc3 0-0-0 12. Bd3 Bxd3 13. Qxd3 Ngf6 14. 0-0-0 e6 15. Qd2 Bd6 16. Ne2 Nd5 17. g3 N7f6 18. Ba5 b6 19. Bc3 Ne4 20. Qe1 Rd7 21. Ne5 Bxe5 22. dxe5 Rhd8 23. Rh4 Nexc3 24. Nxc3 Nxc3 25. Rxd7 Nxa2+ 26. Kb1 Qxd7 27. Kxa2 Qd5+ 28. b3 Qd2 29. Qe4 Rd5 30. Rh1 Qc3 31. b4 Rd4 32. Qh7 Rxb4 33. Qg8+ Kb7 34. Qxf7+ Ka6 35. Qxa7+ Kxa7 36. Ra1 Qb2# 0-1

[Event "Dortmund FSV op"]
[Site "Dortmund"]
[Date "2006.01.19"]
[Round "1"]
[White "Raszelenberg, Patrick"]
[Black "Pachura, Karl Heinz"]
[Result "1-0"]
[WhiteElo "1659"]
[BlackElo "1301"]
[PlyCount "89"]
[EventDate "2006.01.19"]
[EventType "swiss"]
[EventRounds "9"]
[EventCountry "GER"]
[SourceTitle "EXT 2007"]
[Source "ChessBase"]
[SourceDate "2006.11.23"]
[SourceVersion "1"]
[SourceVersionDate "2006.11.23"]
[SourceQuality "1"]

1. e4 c6 2. d4 d5 3. Nd2 dxe4 4. Nxe4 e6 5. Nf3 Nd7 6. Bg5 Ngf6 7. h3 Be7 8. Ng3 Nd5 9. Bd2 N7f6 10. c4 Nb6 11. a4 a5 12. Qb3 Nbd7 13. Rd1 Qb6 14. Qc2 c5 15. Bc3 cxd4 16. Nxd4 Bc5 17. Nb5 0-0 18. Bd3 Bb4 19. 0-0 Bxc3 20. bxc3 Nc5 21. Bxh7+ Nxh7 22. Rd6 Qxd6 23. Nxd6 Bd7 24. Nb5 e5 25. Nf5 Nxa4 26. Ne7+ Kh8 27. Qxa4 b6 28. Rd1 Rad8 29. Qc2 Ng5 30. h4 Rfe8 31. hxg5 Rxe7 32. g6 Rf8 33. Qe4 fxg6 34. Qh4+ Kg8 35. Qxe7 Bc8 36. Rd8 Rxd8 37. Qxd8+ Kh7 38. g4 Bxg4 39. Qh4+ Bh5 40. c5 bxc5 41. Nc7 Kh6 42. Ne6 a4 43. Qxa4 g5 44. Qd7 Bg4 45. Qxg7+ 1-0

[Event "Dortmund-ch"]
[Site "Dortmund"]
[Date "2005.03.03"]
[Round "3"]
[White "Krueger, Georg"]
[Black "Pachura, Karl Heinz"]
[Result "1-0"]
[WhiteElo "1706"]
[BlackElo "1274"]
[PlyCount "37"]
[EventDate "2005.02.28"]
[EventType "swiss"]
[EventRounds "9"]
[EventCountry "GER"]
[SourceTitle "CBM 105 Extra"]
[Source "ChessBase"]
[SourceDate "2005.05.01"]
[SourceVersion "1"]
[SourceVersionDate "2005.05.01"]
[SourceQuality "1"]

1. e4 e5 2. Bc4 Nf6 3. d3 d5 4. exd5 Nxd5 5. Nf3 Bg4 6. 0-0 c6 7. Re1 Nd7 8. d4 b5 9. Bxd5 cxd5 10. dxe5 Nc5 11. Nc3 Bxf3 12. Qxf3 d4 13. Nxb5 Ne6 14. Qc6+ Ke7 15. b3 Rc8 16. Ba3+ Nc5 17. Bxc5+ Qd6 18. Bxd6+ Ke6 19. Nxd4# 1-0